000 00546nam a2200157 a 4500
001 000048492
005 20201002061208.0
008 190325s2016 dr ac 000 m spa d
040 _aDO-SdBNP
_bspa
_cBNPHU
082 _axxxx
_bS235p
100 1 _aSantíl Díaz, Javier
_965163
245 1 0 _aPasos prácticos para lograr la excelencia estudiantil :
_b& Pasos prácticos para vencer las crisis /
_cJavier Santíl Díaz.
260 _aSanto Domingo :
_bMediabyte,
_c2016.
300 _a62 p. :
_bil., retrs. ;
_c20 cm.
590 _aInventariado, 2019/LP
999 _c47980
_d47980